[Event "Aracaju Sergipe Memorial"]
[Site "Aracaju"]
[Date "2016.08.14"]
[Round "4.11"]
[White "Smith, Vinicius Rafael Ran"]
[Black "Trindade, Gabriel Coutinho"]
[Result "0-1"]
[WhiteElo "1800"]
[BlackElo "1754"]
[PlyCount "36"]
[EventDate "2016.08.12"]
[EventType "swiss"]
[EventRounds "5"]
[EventCountry "BRA"]
[SourceTitle "EXT 2022"]
[Source "ChessBase"]
[SourceDate "2021.10.06"]
[SourceVersion "1"]
[SourceVersionDate "2021.10.06"]
[SourceQuality "1"]

1. d4 Nf6 2. e3 e6 3. c4 d5 4. Nc3 b6 5. Nf3 Bb7 6. b3 Nbd7 7. Bd3 Bb4 8. Bd2 Qe7 9. 0-0 e5 10. dxe5 Nxe5 11. Nxe5 Qxe5 12. h3 Bxc3 13. Bxc3 Qxc3 14. cxd5 Bxd5 15. Bb5+ c6 16. Rc1 Qa5 17. Bxc6+ Bxc6 18. Rxc6 0-0 0-1